Development and planning law (Record no. 100157)

MARC details
000 -LEADER
fixed length control field 00688cam a2200253 4500
008 - FIXED-LENGTH DATA ELEMENTS--GENERAL INFORMATION
fixed length control field 000000n1999 000 0 eng u
020 ## - INTERNATIONAL STANDARD BOOK NUMBER
International Standard Book Number 0728203308
035 ## - SYSTEM CONTROL NUMBER
System control number (Sirsi) u103761
041 ## - LANGUAGE CODE
Language code of text/sound track or separate title eng
050 ## - LIBRARY OF CONGRESS CALL NUMBER
Classification number 711.1
100 ## - MAIN ENTRY--PERSONAL NAME
Personal name Denyer-Green, Barry P. D.
245 ## - TITLE STATEMENT
Title Development and planning law
250 ## - EDITION STATEMENT
Edition statement 3rd
260 ## - PUBLICATION, DISTRIBUTION, ETC.
Place of publication, distribution, etc. London
Name of publisher, distributor, etc. Estates Gazette
Date of publication, distribution, etc. 1999
300 ## - PHYSICAL DESCRIPTION
Extent xlvi, 463p ; 22cm.
350 ## - PRICE (NR) (BK AM CF MU VM SE) [OBSOLETE]
Price 28.00
520 ## - SUMMARY, ETC.
Summary, etc. Superceeded by 4th edition
650 ## - SUBJECT ADDED ENTRY--TOPICAL TERM
Topical term or geographic name entry element TOWN AND COUNTRY PLANNING (USE CLASSES) ORDERS
650 ## - SUBJECT ADDED ENTRY--TOPICAL TERM
Topical term or geographic name entry element PLANNING APPLICATIONS
650 ## - SUBJECT ADDED ENTRY--TOPICAL TERM
Topical term or geographic name entry element COMPENSATION
690 ## - LOCAL SUBJECT ADDED ENTRY--TOPICAL TERM (OCLC, RLIN)
Topical term or geographic name as entry element Planning and development
9 (RLIN) 6259
700 ## - ADDED ENTRY--PERSONAL NAME
Personal name Ubhi, Navjit
942 ## - ADDED ENTRY ELEMENTS (KOHA)
Suppress in OPAC 0
Holdings
Withdrawn status Lost status Source of classification or shelving scheme Damaged status Not for loan Home library Current library Shelving location Date acquired Cost, normal purchase price Total Checkouts Full call number Barcode Date last seen Date last checked out Copy number Cost, replacement price Price effective from Koha item type
    Dewey Decimal Classification     London London Basement 25/01/2000 28.00 41 BASEMENT 30060554 06/08/2019 27/02/2009 1 28.00 06/08/2019 Book